| 000 | 01038nam a22002537a 4500 | ||
|---|---|---|---|
| 003 | OSt | ||
| 005 | 20251020201431.0 | ||
| 008 | 240205b ||||| |||| 00| 0 eng d | ||
| 040 | _c0 | ||
| 082 | _aDPer 621.317 Ie21 January 2022 v. 37 n. 1 | ||
| 100 |
_aGolestan, Saeed. _eauthor. _951365 |
||
| 245 |
_aMore-stable EPLL / _cSaeed Golestan, Jose Matas, Abdullah M. Abusorrah, and Josep M. Guerrero. |
||
| 260 |
_aNew York ; _bThe Institute of Electrical and Electronics Engineers, Inc. , _cJanuary 2022. |
||
| 300 |
_aVolume 37, pages 1003-1011 : _billustration ; _c28 cm. |
||
| 500 | _aIEEE Transactions on Power Electronics, v. 37 n. 1, pages 1003-1011, January 2022. | ||
| 650 | 0 |
_aHarmonic analysis. _965745 |
|
| 650 | 0 |
_aPower system stability. _965754 |
|
| 650 | 0 |
_a Enhanced phase-locked loop (EPLL). _965906 |
|
| 700 |
_aGolestan, Saeed. _eauthor. _951365 |
||
| 700 |
_aMatas, Jose. _eauthor. _951366 |
||
| 700 |
_aAbusorrah, Abdullah M. _eauthor. _951367 |
||
| 700 |
_aGuerrero, Josep M. _eauthor. _951368 |
||
| 942 |
_2ddc _cPER |
||
| 999 |
_c18909 _d18909 |
||